000 00414nam a2200169Ia 4500
008 230524s9999 xx 000 0 und d
082 _a604
_bTHA
100 _aD.N.Thatoi
245 0 _aProblems and Solutions of Engineering Mechanics
250 _a1ST
260 _aNEW DELHI
_bAlok
_c2005
300 _a564
500 _aQuantity Number: 30
650 _aMechanics
700 _a B.C. Routray
942 _cBK
999 _c21367
_d21367